The whipping boy / (Record no. 2804)

MARC details
000 -LEADER
fixed length control field 01069cam a2200313 a 4500
005 - DATE AND TIME OF LATEST TRANSACTION
control field 20240116083404.0
020 ## - INTERNATIONAL STANDARD BOOK NUMBER
International Standard Book Number 0688062164
020 ## - INTERNATIONAL STANDARD BOOK NUMBER
International Standard Book Number 9780439441421
020 ## - INTERNATIONAL STANDARD BOOK NUMBER
International Standard Book Number 051487002957
040 ## - CATALOGING SOURCE
Original cataloging agency DLC
Transcribing agency DLC
Modifying agency DLC
Language of cataloging eng
050 00 - LIBRARY OF CONGRESS CALL NUMBER
Classification number PZ7.F5992
Item number Wh 1986
082 00 - DEWEY DECIMAL CLASSIFICATION NUMBER
Classification number 813.54
Edition number 19
100 1# - MAIN ENTRY--PERSONAL NAME
Personal name Fleischman, Sid
Dates associated with a name 1920-2010
245 14 - TITLE STATEMENT
Title The whipping boy /
Statement of responsibility, etc. by Sid Fleischman ; illustrations by Peter Sis
250 ## - EDITION STATEMENT
Edition statement First Troll Printing, 1987
260 ## - PUBLICATION, DISTRIBUTION, ETC.
Place of publication, distribution, etc. New York :
Name of publisher, distributor, etc. Troll Associates,
Date of publication, distribution, etc. 1986
300 ## - PHYSICAL DESCRIPTION
Extent 90 pages ;
Dimensions 19 cm
Other physical details illustrations
505 ## - FORMATTED CONTENTS NOTE
Formatted contents note K
520 ## - SUMMARY, ETC.
Summary, etc. A bratty prince and his whipping boy have many adventures when they inadvertently trade places after becoming involved with dangerous outlaws.
521 ## - TARGET AUDIENCE NOTE
Target audience note 570
Source Lexile
521 ## - TARGET AUDIENCE NOTE
Target audience note K
Source Raz-Plus
650 #1 - SUBJECT ADDED ENTRY--TOPICAL TERM
Topical term or geographic name entry element Robbers and outlaws
Form subdivision Fiction.
650 #1 - SUBJECT ADDED ENTRY--TOPICAL TERM
Topical term or geographic name entry element Adventure and adventurers
Form subdivision Fiction.
655 #7 - INDEX TERM--GENRE/FORM
Genre/form data or focus term Juvenile literature
Chronological subdivision 1986.
Source of term rbgenr
700 1# - ADDED ENTRY--PERSONAL NAME
Personal name Sís, Peter
Dates associated with a name 1949-
Relator term illustrator
906 ## - LOCAL DATA ELEMENT F, LDF (RLIN)
a 7
b cbc
c orignew
d 1
e ocip
f 19
g y-gencatlg
942 ## - ADDED ENTRY ELEMENTS (KOHA)
Source of classification or shelving scheme Dewey Decimal Classification
Koha item type Books
Suppress in OPAC No
999 ## -
-- 2804
-- 2804
Holdings
Withdrawn status Lost status Source of classification or shelving scheme Damaged status Not for loan Collection Home library Current library Shelving location Date acquired Total Checkouts Full call number Barcode Date last seen Date last checked out Price effective from Koha item type
    Dewey Decimal Classification     Juvenile Fiction Footprints International School Library Network Toul Kork Campus Footprints International School Library Network Toul Kork Campus   01/16/2024 2 FLE 813.54 PZ7.F5992 FIS00778 09/25/2024 09/18/2024 01/16/2024 Books